Responses for Show #3610 - Friday, April 21, 2000

Contestants

[<< previous game]

Kate Lowe, an Internet copywriter from Shoreview, Minnesota

Vernon Martin, an aspiring screenwriter from Brooklyn, New York

Darren Millam, a customer service representative from Kansas City, Missouri (whose 1-day cash winnings total $7,500)

[next game >>]

Jeopardy! Round responses

ZOOLOGY
TRIANGLES
THE CATEGORY OF DANIEL
THE U.S. MINT
CROSSWORD CLUES "P"
CLOWN SONGS
    $100 4
(Vernon: What is a slug?)

an earthworm

DarrenVernon
    $100 5
the Bermuda Triangle

Vernon
    $100 8
Daniel Boone

Vernon
    $100 27
Fort Knox

Kate
    $100 3
Pasta

Darren
    $100 1
"Charlie Brown"

Darren
    $200 18
(K: What is Australia?)
(V: What is New Zealand?)
(D: What is Africa?)

South America

DarrenVernonKate
Triple Stumper
    $200 6
Racking

Darren
    $200 13
Daniel Defoe

Darren
    $200 28
Penny

Darren
    $200 9
Plymouth Rock

Vernon
    $200 2
"Send in the Clowns"

Vernon
    $300 19
(D: What is the elephant?)

Rhinoceros

DarrenKate
    $300 7
[Ringing a triangle]

"Come And Get It"

Kate
    $300 14
Daniel Day-Lewis

Triple Stumper
    $300 29
[Sacajawea on 2000 dollar coin]
[The end-of-round signal sounds.]

Lewis & Clark

Darren
    $300 10
Pallbearer

Kate
    $300 15
(V: What is "Tears of a Clown?")

"Cathy's Clown"

DarrenVernon
    $400 20
(D: What is an opposable thumb?)

Nail

DarrenVernon
    $400 25
Eye

Kate
    $400 21
Daniel Webster

Vernon
    $600 11
Pomegranate

Kate
    $400 16
Elton John

Darren
    $500 23
(Alex: A minute to go in the round.)

teeth

Darren
    $500 24
Pittsburgh

Darren
    $500 22
Daniel Ellsberg

Triple Stumper
    $500 26
George Washington

Kate
    $500 12
(K: What is the Pequid?)
(V: What is the Pequo?)

Pequod

VernonKate
Triple Stumper
    $500 17
(D: What is "Stuck in the Middle Again?")

"Stuck in the Middle With You"

Darren
Triple Stumper

Scores at the first commercial break (after clue 14):

Darren Vernon Kate
$700 $0 $700

Scores at the end of the Jeopardy! Round:

Darren Vernon Kate
$1,500 $300 $1,800

Double Jeopardy! Round responses

EUROPEAN HISTORY
NOTABLE WOMEN
THE DIRECTOR'S CHAIR
MONTANA
I GOT A CALDECOTT!
LEGENDARY RHYME TIME
    $200 22
Edward

Vernon
    $200 1
(V: Who is Wynonna Judd?)

Winona Ryder

DarrenVernon
    $200 20
Cecil B. DeMille

Darren
    $200 3
Helena

Kate
    $200 21
(less than a minute to go...)

Fables

Kate
    $200 8
(V: What is a gnome tome?)

Troll poll

Vernon
Triple Stumper
    $400 2
(K: Who are the Mandrell Sisters?)
(V: Who are the Andrews Sisters?)

Lennon Sisters

DarrenVernonKate
    $400 16
Warren Beatty

Darren
    $400 4
Big Sky

Vernon
    $400 23
Maurice Sendak

Vernon
    $400 9
Sweaty yeti

Kate
    $600 5
Walter Cronkite

Darren
    $500 15
(V: Who is John Housen?)

Sam Peckinpah

Vernon
    $600 13
Ponderosa pine

Vernon
    $600 24
(V: Who is Pippi Longstocking?)

Rapunzel

Vernon
Triple Stumper
    $600 10
Pan's plans

Kate
    $800 6
Shirley Jackson

Kate
    $800 18
(D: Who is Hughes?)

John Landis

Darren
Triple Stumper
    $800 17
Billings

Vernon
    $800 25
"Jumanji"

Vernon
    $800 11
Zeus's juices

Kate
    $1000 7
(Vernon: Who is Dorothy Hamill?)

Katarina Witt

VernonKate
    $1000 19
(Kate: Who is Robert Zemecktis?)
[Originally ruled incorrect]
...
(Alex: [Before Final Jeopardy!] We went over Kate's response in super slow-motion and found that it wasn't a "T" that she said, but just a pause, so she's credited with $2,000.)
[NOTE: Defending champion Darren was returned to the show the following season in view of this judgment call.]

Robert Zemeckis

DarrenKate
    $1000 14
Jeannette Rankin

Triple Stumper
    $1000 26
[The end-of-round signal sounds.]

Snow

Triple Stumper
    $1000 12
(Kate: What is Aphrodite's...)
(Vernon: What are Sage's stages?)

Athena's arenas

VernonKate
Triple Stumper

Scores at the end of the Double Jeopardy! Round:

Darren Vernon Kate
$3,500 -$400 $5,400

[wagering suggestions for these scores]

Final Jeopardy! Round responses

SPORTS LEGENDS
DarrenWho is Pele?
$3,500
KateWho is Pele?
$1,601
Pele

Final scores:

Darren Vernon Kate
$7,000 -$400 $7,001
2nd place: Intel Any Point Home Network Software 3rd place: TicketsNow.com Gift Certificate New champion: $7,001

Game dynamics:

Coryat scores:

Darren Vernon Kate
$3,500 $100 $5,200
17 R,
5 W
12 R,
11 W
(including 1 DD)
15 R
(including 1 DD),
4 W

Combined Coryat: $8,800

[game clues] [game scores] [suggest correction]

Game tape date: Unknown
The J! Archive is created by fans, for fans. Scraping, republication, monetization, and malicious use prohibited; this site may use cookies and collect identifying information. See terms. The Jeopardy! game show and all elements thereof, including but not limited to copyright and trademark thereto, are the property of Jeopardy Productions, Inc. and are protected under law. This website is not affiliated with, sponsored by, or operated by Jeopardy Productions, Inc. Join the discussion at JBoard.tv.